• Alonso García, David

di Personal Name

Records bibliografici associati: 2

001 - CONTROL NUMBER

  • control field: 11770

003 - CONTROL NUMBER IDENTIFIER

  • control field: IT-RoINE

005 - DATE AND TIME OF LATEST TRANSACTION

  • control field: 20140915122542.0

008 - FIXED-LENGTH DATA ELEMENTS

  • fixed length control field: 140915|| aca||aabn | a|a d

040 ## - CATALOGING SOURCE

  • Original cataloging agency: IT-RoINE
  • Transcribing agency: IT-RoINE

100 ## - HEADING--PERSONAL NAME

  • Personal name: Alonso García, David

670 ## - SOURCE DATA FOUND

  • Source citation: Work cat.: (IT-RoINE)0: Carretero Zamora, Juan Manuel 11768, Hacienda y negocio financiero en tiempos de Isabel la Católica :, 2003.